MDQL
is popping MORE tags! Check the
thread
!
Quizzes
Events
Quiz Creation
Community
Videos
Private Events
Remove Ads
Sign In
Join for FREE
Feedback
Dark Mode
Quiz Categories
Sports
Geography
Music
Movies
Television
Just For Fun
Miscellaneous
History
Literature
Language
Science
Gaming
Entertainment
Religion
Holiday
For Kids
Quiz Lab
Recent
Popular Today
Quiz Kudos Today
Editor Picks
Curator Picks
Quizzes by...
Day
Popularity
Type
Ratings
Length
Year
Community
Subscriptions
Recent Discussions
Orange Saloon
Badges
Playlists
Quests
Create
Leaderboards
Showdown
Live 5
Trivia Bingo
Activity
Puzzle Library
Sporcle Events
Private Events
Virtual Trivia
Globe League
Become a Host
Pub Owners
SporcleCon
Opinionation
Our Games
Videos
Blog
Mobile Apps
Partnerships
Remove Ads and Go Orange
Feedback
Sports
Athletes
MLB
NBA
NHL
NFL
Soccer
Sports Teams
WWE
NCAA
Football
Premier League
Basketball
Baseball
Hockey
Golf
Tennis
Cricket
Rugby
Auto Racing
Olympics
World Cup
Sports
Athletes
MLB
NBA
NHL
NFL
Soccer
Sports Teams
WWE
NCAA
Football
Premier League
Basketball
Baseball
Hockey
Golf
Tennis
Cricket
Rugby
Auto Racing
Olympics
World Cup
Random Quiz
Search Sporcle
×
Editor Pick
Editor Pick
Sports
Tournament
Type in answers that appear in a list
Type in answers that appear in a list
Classic
Best Score? Go Orange.
Can you name the 2009 PGA Tour Winners? Stats
Can you name the 2009 PGA Tour Winners??
By
khilton12
12m
45 Questions
1,240 Plays
1,240 Plays
1,240 Plays
Comments
Comments
Give Quiz Kudos
Give Quiz Kudos
-
- Ratings
hide this ad
Replay
Link that replays current quiz
Next Quiz
Link to next quiz in quiz playlist
You Got
0%
They Got
Avg Score
42%
Avg Friend Score
Upgrade to see
Score Distribution
Jump to the score distribution portion of the page
Score
0/45
Timer
12:00
0
Plays Today
Winner
% Correct
Tiger Woods
99.3%
Tiger Woods
99.3%
Tiger Woods
99.3%
Tiger Woods
99.3%
Tiger Woods
99.3%
Tiger Woods
99.3%
Phil Mickelson
97.9%
Phil Mickelson
97.9%
Phil Mickelson
97.9%
Angel Cabrera
71.2%
Zach Johnson
59.6%
Zach Johnson
59.6%
Dustin Johnson
59.4%
Stewart Cink
57.9%
Y.E. Yang
53.9%
Y.E. Yang
53.9%
Steve Stricker
46.5%
Steve Stricker
46.5%
Steve Stricker
46.5%
Lucas Glover
45.6%
Kenny Perry
41.8%
Kenny Perry
41.8%
Geoff Ogilvy
39.3%
Winner
% Correct
Geoff Ogilvy
39.3%
Retief Goosen
31.8%
Henrik Stenson
27.9%
Paul Casey
24.6%
United States
22.3%
Sean O'Hair
20.9%
Brian Gay
16.3%
Brian Gay
16.3%
Heath Slocum
14.9%
Rory Sabbatini
14.4%
Nick Watney
13.4%
Jerry Kelly
11.2%
Matt Kuchar
10.9%
Ryan Moore
10.5%
Mark Wilson
10.2%
Nathan Green
8.8%
Pat Perez
8%
John Rollins
4.4%
Michael Bradley
3.9%
Troy Matteson
3.8%
Martin Laird
3.5%
Bo Van Pelt
2.9%
Quiz Playlist
Details
Report
Send in Message
Add To Playlist
Classic:
Type in answers that appear in a list
Quiz Source
Last Updated: Feb 16, 2017
Editor Pick in
Sports
Quiz Scoreboard
CHALLENGE
Sign Up to Join the Scoreboard
Show All
Scores
Hide
Comments
May contain spoilers
Recently Published
1-10 Letter E Words III
by El_Dandy
Language
2m
Street Fighter Characters
by Artimus82
Gaming
60s
College Basketball Coaching Resumes
by pancakes188
Sports
9m
More to Explore
Quiz From the Vault
Featured Blog Post
Where Did the Easter Bunny Come From?
hide this ad
You Might Also Like...
Tags
2009
PGA
tour
Tournament
Winner
Today's Top Quizzes in Sports
Browse Sports
hide this ad
Today's Top Quizzes in Tournament
Browse Tournament
Top Contributed Quizzes in Sports
1
2022 World Cup Stars
2
Les meilleurs buteurs des matchs entre le PSG et l’OM
3
FIFA Club World Cup Champions
4
Les entraîneurs de l'OM et du PSG au 21e siècle
5
Criteria MLB: Left Handed Sluggers
6
2023 MLB Unique Player Accomplishments
7
AFC Teams Reveal (Wrong Answers Minefield)
8
Players with Multiple 50 Home Run Seasons
9
5-to-1: FBS Animal Nicknames
10
5-to-1: UK Sports Teams
Explore More
Trending Topics
Marvel
NBA
Anime
Kpop
Crossword
Disney
Harry Potter
Puzzle
Pokémon
Song
The Office
Soccer
WWE
NFL
Country
hide this ad
More By:
khilton12
Quiz
Plays
Rating
Category
Featured
Created
Can you name the 2009 PGA Tour Winners?
1,240
4.00
Sports
Nov 12, 2009
Go to Creator's Profile
Score Distribution
Quiz Creator Spotlight
khilton12
Follow
Send a Message
Quizzes Created
-
Created Quiz Play Count
-
More By This Creator
Popular Quizzes Today
1
Find the US States - No Outlines Minefield
2
Find the Countries of Europe - No Outlines Minefield
3
The Countries of the World
4
Find the US States
5
Risky Map Clicking: Biggest States A-Z
6
US States
7
Popular People in 1961
8
Movies - When Are They Set?
More Sports Quizzes
International Footballers: Uncover the Uruguayans
Published
Trending Quizzes
Risky Map Clicking: Least Populous States A-Z
Billboard Blitz: Aretha Franklin
Famous Russians: Author or Composer?
1-10 Letter G Words
Countries of the World: 200 Million BC
Recently Updated
Leaping Animals
pecheneg
Reality TV Shows (A-Z)
bhenderson79
Rickey Henderson's Hall of Fame Teammates
pecheneg
Champions League XIs: Arsenal
pecheneg
Quick Pick: Celebrities in WWE's Hall of Fame
aduchscher
A-Z Keypad Blitz II
pecheneg
Multiple Oscar Actors
pecheneg
Mystery Phrase Blitz: Oscar 'Best Actors'
pecheneg
F. Scott Fitzgerald Novels
LTH
Pick 3 Villains
ddd62291
Trending Topics
Marvel
Anime
Disney
Kpop
Crossword
Harry Potter
NBA
Pokémon
Country
Puzzle
NFL
Soccer
Song
The Office
WWE
Your Account Isn't Verified!
In order to create a playlist on Sporcle, you need to verify the email address you used during registration. Go to your
Sporcle Settings
to finish the process.
Report this User
Report this user for behavior that violates our
Community Guidelines
.
Details:
Send Report
Go to the Sporcle.com Mobile Site →
Comments